Movie General Knowledge #3 - Statistics

General Stats
  • This quiz has been taken 21 times
  • The average score is 7 of 15
Answer Stats
Hint Answer % Correct
Which movie was incorrectly announced as winner of best picture at 2017 academy awards? La La Land
65%
What is the first foreign film to win best picture at the Oscar's? Parasite
65%
What was Quentin Tarantino's first movies as writer/director? Reservoir Dogs
65%
Who plays Dr. Peter Venkmanin Ghostbusters? Bill Murray
59%
Who directed Forrest Gump and the Back to the Future movies? Robert Zemeckis
59%
Who directed Get Out? Jordan Peele
53%
Which basketball legend shows up in the movie Airplane? Kareem Abdul Jabbar
53%
Which famous actress is killed in the opening scene of Scream? Drew Barrymore
47%
Who won best supporting actor for Moonlight and The Green Book? Mahershala Ali
47%
Jennifer Lawrence won best actress for which 2012 rom com/drama? Silver Linings Playbook
47%
Who is the only person ever receive an Oscar nomination for acting in a Star Wars movie? Alec Guinness
41%
Only three movies in history have won the “big five” at the Oscars (Best Picture, Best Director, Best Screenplay, Best Actor and Best Actress). Name one of them. It Happened One Night, One Flew Over the Cuckoo’s Nest and The Silence of the Lambs.
41%
What is the highest grossing animated movie? Ne Zha 2
18%
What is the first fantasy movie to win best picture at the Oscar's? Lord of the rings: Return of the King
12%
The code in The Matrix comes from what food recipes? Sushi
0%
No matching quizzes found
Score Distribution
Percent of People with Each Score
Percentile by Number Answered
Your Score History
You have not taken this quiz